Couple therapy /

Bibliographic Details
Main Author: Bockus, Frank
Format: Book
Language:English
Published: New York : J. Aronson, [1980]
Subjects:

MARC

Tag First Indicator Second Indicator Subfields
LEADER 00000cam a2200000 a 4500
001 in00000083249
005 20151008055633.0
008 810912s1980 nyu b 00110 eng
010 |a  80066920  
020 |a 0876684126 
035 |a (OCoLC)07416727 
035 |9 AAJ3986AM 
039 0 |a 2  |b 3  |c 3  |d 3  |e 3 
040 |a DLC  |c DLC  |d VET  |d TXA  |d UtOrBLW 
049 |a TXAM  |c [1442529] 
050 0 0 |a HQ10  |b .B66 
082 0 |a 362.8/286  |2 19 
096 |a WM 55 B73 1980 
100 1 |a Bockus, Frank. 
245 1 0 |a Couple therapy /  |c Frank Bockus. 
264 1 |a New York :  |b J. Aronson,  |c [1980] 
264 4 |c ©1980 
300 |a xxi, 365 pages ;  |c 24 cm. 
336 |a text  |b txt  |2 rdacontent 
337 |a unmediated  |b n  |2 rdamedia 
338 |a volume  |b nc  |2 rdacarrier 
500 |a Includes index. 
504 |a Bibliography: pages [343]-359. 
650 0 |a Marriage counseling. 
650 2 |a Counseling. 
650 2 |a Marital Therapy. 
650 2 |a Marriage. 
999 |a MARS 
999 f f |s 5ebdeb3d-56cb-37e1-908f-7e61df9b216c  |i 77c5120b-6bb7-31fe-ad7d-81b5be6ffa2b  |t 0 
952 f f |p ric  |a Texas A&M University  |b Rellis Campus  |c Joint Library Facility  |d Remote Storage  |t 0  |e HQ10 .B66  |h Library of Congress classification  |i unmediated -- volume  |m A14806141380 
998 f f |a HQ10 .B66  |t 0  |l Remote Storage